000 01090cam a22003013a 4500
001 163
003 PGUSA
005 20140828082944.0
008 940901s1994||||xxu|||||s|||||000 p eng d
040 _aPGUSA
_beng
042 _adc
050 4 _aPZ
100 1 _aAlcott, Louisa May,
_d1832-1888
245 1 0 _aFlower Fables
_h[electronic resource] /
_cLouisa May Alcott
260 _bProject Gutenberg,
_c1994
505 0 _aThe frost king, or, The power of love -- Eva's visit to fairy-land -- The flower's lesson -- Lily-Bell and Thistledown -- Little Bud -- Clover-Blossom -- Little Annie's dream, or, The fairy flower -- Ripple, the water-spirit -- Fairy song.
506 _aPublic domain in the USA.
516 _aElectronic text
653 _aFairies -- Juvenile poetry
653 _aFlowers -- Juvenile poetry
653 _aChildren's stories, American
653 _aFlowers -- Juvenile fiction
653 _aShort stories
653 _aFairy tales -- United States
830 0 _aProject Gutenberg
_v163
856 4 0 _uhttp://www.gutenberg.org/ebooks/163
942 _cEB
999 _c229534
_d229534